S.O.S. Gorilas /

Miranda ha estudiado Comunicación social y su mayor deseo es hacer periodismo en una revista científica. Un día encuentra un aviso de la S.O.S. Gorilla Foundation, con sede en Nueva York, que ofrece tres becas a jóvenes profesionales latinoamericanos. Ella gana esa beca, la cual la lleva a investiga...

Descripción completa

Guardado en:
Autor Principal: Laragione, Lucía.
Otros Autores: Nine, Lucas; il.
Formato: Libro
Publicado: Buenos Aires : Santillana, 2002.
Series:Leer es genial. Cuidar y querer
Materias:
Etiquetas: Agregar Etiqueta
Sin Etiquetas, Sea el primero en etiquetar este registro!
LEADER 01332nam a22002175a 4500
001 CEM.cems019993
008 230419s2002##################000#0#####d
005 20230420182240.0
245 1 0 |a S.O.S. Gorilas /  |c Lucía Laragione; ilustrado por Lucas Nine. 
260 |a Buenos Aires :  |b Santillana,  |c 2002. 
300 |a 136 p. 
490 0 |a Leer es genial. Cuidar y querer 
520 |a Miranda ha estudiado Comunicación social y su mayor deseo es hacer periodismo en una revista científica. Un día encuentra un aviso de la S.O.S. Gorilla Foundation, con sede en Nueva York, que ofrece tres becas a jóvenes profesionales latinoamericanos. Ella gana esa beca, la cual la lleva a investigar la vida de los gorilas en plena África. Los peligros de la selva, la investigación de un caso de contrabando internacional y un increíble viaje a Francia son sólo algunas de las aventuras que nos propone Lucía Laragione en este apasionante libro, que conjuga la acción y las vivencias personales de su audaz protagonista a través del diario de viaje. 
020 |a 950461163X 
100 1 |a Laragione, Lucía. 
700 1 |a Nine, Lucas; il. 
653 |a Literatura juvenil 
653 |a Literatura Argentina 
653 |a Novela juvenil 
653 |a Novela de aventura 
859 |a CEMS  |b BIB. CEMS - Inicial y Primaria  |h A863.4  |i L32-1  |k IP  |p 6293  |t Ej.1